| 000 | 00400nam a22001217a 4500 | ||
|---|---|---|---|
| 082 | _a200 THE | ||
| 100 |
_aBushra Zafar _915422 |
||
| 245 | _aTH-SOF-1330-Using Distributional Semantics For Automatic Taxonomy Induction | ||
| 260 |
_aIslamabad _bNUST College of EME _c2017 |
||
| 650 | _aMS-CSE-14 MSTHESIS | ||
| 700 |
_aSupervisor Dr. Usman Qamar Co-Supervisor Dr. Michael Coche _969914 |
||
| 942 | _cCF | ||
| 999 |
_c576995 _d576995 |
||